How to live in style: The young colour guide to modern decoration (Record no. 30280)

MARC details
000 -LEADER
fixed length control field 00307nam a2200109Ia 4500
082 ## - DEWEY DECIMAL CLASSIFICATION NUMBER
Classification number 747
Item number MOR
100 ## - MAIN ENTRY--AUTHOR NAME
Personal name Morgan, Alan
245 #0 - TITLE STATEMENT
Title How to live in style: The young colour guide to modern decoration
260 ## - PUBLICATION, DISTRIBUTION, ETC. (IMPRINT)
Place of publication London
Name of publisher Laurie Larson
Year of publication 1974
942 ## - ADDED ENTRY ELEMENTS (KOHA)
Koha item type Books
Holdings
Withdrawn status Lost status Damaged status Not for loan Home library Current library Date acquired Cost, normal purchase price Full call number Accession Number Koha item type
        RRII Library RRII Library 16/12/2021 2.95 747 MOR 10854 Books